Špecifiká účtovania, oceňovania a vykazovania v spoločnosti obchodujúcej so stavebninami diplomová práca

Enregistré dans:
Détails bibliographiques
Auteur principal: Ivančíková, Viktória
Collectivité auteur: Fakulta hospodárskej informatiky EU. Katedra účtovníctva a audítorstva
Autres auteurs: Antalová, Renáta
Format: Livre
Langue:slovaque
Publié: Bratislava 2018
Tags: Ajouter un tag
Pas de tags, Soyez le premier à ajouter un tag!

MARC

LEADER 00000nbm a2200000 4500
001 0243495
005 20181108091331.8
041 0 |a slo 
044 |a SK 
245 1 0 |a Špecifiká účtovania, oceňovania a vykazovania v spoločnosti obchodujúcej so stavebninami  |b diplomová práca  |c Viktória Ivančíková ; školiteľ: Renáta Antalová 
264 1 |a Bratislava  |c 2018 
300 |a 64 s. 
100 1 |a Ivančíková, Viktória 
700 1 |a Antalová, Renáta 
710 2 |a Fakulta hospodárskej informatiky EU. Katedra účtovníctva a audítorstva